000
00327nam a2200145Ia 4500
008
230718s9999 xx 000 0 und d
041
_a
Eng.
082
_a
368.5
_b
BLA-B
100
_a
Blair,william
245
0
_a
BAnks liability
260
_a
Pakistan
_b
London,Hongkong
_c
2001
300
_a
435
650
_a
Law
999
_c
30584
_d
30584